Записка о целесообразном устройстве счетной части на железных дорогах. Ч. 2: Механизм центрального счетоводства (Запись № 3384296)

Подробности
000 -МАРКЕР
контрольное поле 01253nam2a22002411 4500
001 - ИДЕНТИФИКАТОР ЗАПИСИ
контрольное поле v19\rc\1527024
005 - ИДЕНТИФИКАТОР ВЕРСИИ
контрольное поле 20250618173627.0
035 ## - ДРУГИЕ СИСТЕМНЫЕ НОМЕРА
Идентификатор записи (NLR Aleph) 004648063
100 ## - ДАННЫЕ ОБЩЕЙ ОБРАБОТКИ
Данные общей обработки 20060620d1886 |||y0rusy50 ca
101 0# - ЯЗЫК РЕСУРСА
Язык текста, звукозаписи и т.д. русский
102 ## - СТРАНА ПУБЛИКАЦИИ ИЛИ ПРОИЗВОДСТВА
Страна публикации Российская Федерация
105 ## - ПОЛЕ КОДИРОВАННЫХ ДАННЫХ: ТЕКСТОВЫЕ МАТЕРИАЛЫ, МОНОГРАФИЧЕСКИЕ
Кодированные данные о монографическом текстовом документе y z |||||
200 1# - ЗАГЛАВИЕ И СВЕДЕНИЯ ОБ ОТВЕТСТВЕННОСТИ
Основное заглавие Механизм центрального счетоводства
215 ## - ФИЗИЧЕСКАЯ ХАРАКТЕРИСТИКА
Специфическое обозначение материала и объем 54 с.
461 #0 - УРОВЕНЬ НАБОРА
Встроенное поле 001v19\rc\1527022
-- 2001#$aЗаписка о целесообразном устройстве счетной части на железных дорогах$e(Централизация счетоводства)$fСост. А. Фейн. Ч. [1]-2$vЧ. 2
-- 700#1$aФейн$bА.Л.$gАлександр Львович$4220
Системный номер (АБИС) связанной записи 3384276
Автор Фейн, А.Л.
Место публикации Вильна
Дата публикации 1886
Первые сведения об ответственности Сост. А. Фейн. Ч. [1]-2
Имя издателя, распространителя и т.д. тип. М.Б. Жирмундский
Сведения, относящиеся к заглавию (Централизация счетоводства)
Физическая характеристика 2 т.
Заглавие Записка о целесообразном устройстве счетной части на железных дорогах
Номер тома Ч. 2
801 #0 - ИСТОЧНИК ЗАПИСИ
Страна Российская Федерация
Организация NLR
Правила каталогизации psbo
801 #0 - ИСТОЧНИК ЗАПИСИ
Страна Российская Федерация
Организация RuMoRGB
Источник данных psbo
801 #1 - ИСТОЧНИК ЗАПИСИ
Страна Российская Федерация
Организация ProSoft-M
Источник данных rusmarc
852 ## - МЕСТОНАХОЖДЕНИЕ И ШИФР ХРАНЕНИЯ
Идентификатор организации NLR
Шифр хранения (Call Number) 18.216.3.428
899 ## - ДАННЫЕ О МЕСТОНАХОЖДЕНИИ (устаревшее)
Местонахождение RuMoRGB
Шифр хранения A 146/203
942 ## - ДОПОЛНИТЕЛЬНЫЕ ЭЛЕМЕНТЫ ЗАПИСИ (АБИС)
Тип экземпляра АБИС Книга
980 ## - КОЛЛЕКЦИЯ
Название коллекции Национальная библиография
Экземпляры
Тип экземпляра Дата поступления Библиотека постоянного хранения Библиотека текущего хранения Место хранения Шифр хранения Штрих-код Статус экземпляра
Книга 26.10.2013 РНБ (Садовая) РНБ (Садовая) Русский книжный фонд -Главное здание, Ленинский читальный зал 18.216.3.428 4648063-10